Logical Resoning And Data Interpretation (Record no. 204005)

MARC details
000 -LEADER
fixed length control field 00812nam a22002057a 4500
005 - DATE AND TIME OF LATEST TRANSACTION
control field 20240708145855.0
008 - FIXED-LENGTH DATA ELEMENTS--GENERAL INFORMATION
fixed length control field 090826t xxu||||| |||| 00| 0 eng d
010 ## - LCCN (DPL NO)
LC control number ENG-140810
020 ## - INTERNATIONAL STANDARD BOOK NUMBER
International Standard Book Number 978-93-560-6285-6
Terms of availability 795.00
035 ## - SYSTEM CONTROL NUMBER
System control number EN-124342
037 ## - SOURCE OF ACQUISITION
Source of stock number/acquisition DBAD
082 ## - DEWEY DECIMAL CLASSIFICATION NUMBER
Classification number 000
Edition number 7th
100 ## - MAIN ENTRY--PERSONAL NAME
Personal name by Sinha,Nishit K.
9 (RLIN) 63720
245 ## - TITLE STATEMENT
Title Logical Resoning And Data Interpretation
Statement of responsibility, etc by Nishit K.Sinha
Medium English
260 ## - PUBLICATION, DISTRIBUTION, ETC. (IMPRINT)
Name of publisher, distributor, etc by Person India Education Services Pvt. Ltd,CIN: U72200TN2005PTC057128.
Place of publication, distribution, etc Uttar Pradesh
Date of publication, distribution, etc 2022
270 ## - ADDRESS
Address 15th Floor,Tower-B,World Trade Tower,PlotNo.1,Block-C,Sector16,Noida201 301,
City Uttar Pradesh
Postal code 201 302
Telephone number 044-66540100
300 ## - PHYSICAL DESCRIPTION
Extent various pages:
Dimensions 25cm(pb)
700 ## - ADDED ENTRY--PERSONAL NAME
9 (RLIN) 68219
942 ## - ADDED ENTRY ELEMENTS (KOHA)
Source of classification or shelving scheme Dewey Decimal Classification
Item type English Books
Classification part 000
Call number suffix Sin
Edition 7th

No items available.


© Delhi Public Library
Hit Counter
free hit counter